[Event "Chess 2016"]
[Site "Norway"]
[Date "2016.04.24"]
[Round "5.5"]
[White "Harikrishna, P."]
[Black "Li, Chao B"]
[Result "1-0"]
[WhiteElo "2763"]
[BlackElo "2755"]
[EventDate "2016.??.??"]
[Annotator "Bojkov,Dejan"]
[PlyCount "83"]
[Beauty "7564511163425"]
[EventType "team-tourn"]
[EventCountry "NOR"]
[WhiteClock "0:59:44"]
[BlackClock "0:53:33"]

1.d4 Nf6 2.c4 g6 3.f3 {A very popular Anti-Gruenfeld line.} 3...c5 4.d5 d6 {A recent top GM game took a highly exciting course:} ( 4...b5 5.e4 Bg7 6.e5 Ng8 7.f4 d6 8.Nf3 {Aronian,L (2797)-Vachier Lagrave,M (2758) Beijing 2014} ) 5.e4 Bg7 6.Ne2 O-O 7.Nec3 {Some years back the many time Bulgarian champion GM E. Ermenkov was trying to convince me that this is the best set-up against the KID. He even came to the conclusion that the whole defense is dead on the account of this tricky development. The idea is to once and for all solve the problem of this knight (which often finds itself on squares like h1 on its way to the center), then finish the development with Bc1-e3 and Nb1-d2 when all the white pieces will be well placed, and finally smash Black on either side of the board. However, there is an obvious drawback of this whole system: White is behind in development. Even though the position is closed, Li finds a way to exploit this.} 7...e5 8.g4 ( 8.Be3 {was not tested yet.} ) ( 8.Bg5 $5 ) 8...h5 {"A strong idea." (Harikrishna) In a previous game Black found himself suffering after:} ( 8...Ne8 9.h4 f5 10.Be3 ( 10.h5 $5 ) 10...Nd7 11.Nd2 Bf6 12.g5 Be7 13.exf5 gxf5 14.Qc2 {Arencibia Rodriguez,W (2335)-Boudy Bueno,J (2390) Havana 1986} ) 9.h3 Nh7 $1 {The point behind Li Chao's play. He wants to trade the dark-squared bishops.} 10.Be3 ( {Both players came to the conclusion that Black is doing good after} 10.h4 Bf6 11.gxh5 Bxh4+ 12.Kd2 g5 13.Kc2 ) ( 10.gxh5 {is not good on the account of} 10...Qh4+ 11.Kd2 Qxh5 ) 10...h4 {Sticking to his original idea.} ( {Li also considered} 10...f5 11.gxf5 gxf5 12.Qe2 f4 13.Bf2 Bf6 14.h4 Kh8 {followed by the knight transfer from b8 to g6.} ) 11.Qd2 Bf6 12.Rg1 Bg5 13.Bxg5 Qxg5 {Black can be happy with the opening. In fact he thought he is already better. Li managed to trade his "bad" bishop and if he can keep the white one blocked he can be quite optimistic about the future.} ( 13...Nxg5 {was another idea with equality after} 14.Qf2 Kg7 15.Nd2 Rh8 16.f4 exf4 17.Qxf4 f6 {(Harikrishna)} ( {But not the hasty} 17...Qf6 $2 18.Qxf6+ Kxf6 19.Nb5 ) ( {Or} 17...a6 {which prepares Qd8-f6 (Li)} ) ) 14.Nb5 {White wants to make sure he can do something on the kingside.} ( 14.Qxg5 Nxg5 {is indeed pleasant advantage for Black.} ) 14...Qe7 15.g5 a6 ( 15...Nd7 $5 {at once makes sense too.} ) 16.N5c3 Nd7 17.Qg2 {Both players are getting ready for the opening of the kingside.} 17...Kg7 ( 17...f6 18.gxf6 Rxf6 19.Qg4 g5 20.Qxh4 Rxf3 ) 18.Nd2 f6 19.gxf6+ Qxf6 {Black's plan is Rf8-f7,g6-g5 followed by Nd7-f8-g6 after which he will be in full command on the kingside. However, Harikrishna found a strong antidote.} ( {After} 19...Rxf6 20.Qg4 {one of the black kingside pawns will drop.} ) 20.Nd1 $1 {Li Chao missed this idea. Now the knight comes to an excellent position from where it supports the demolition of the blockade.} 20...Rf7 21.Nf2 Ndf8 ( {In case of} 21...g5 22.Nd3 Kh6 {Black did not like} 23.Be2 {with the idea} 23...Ndf8 ( {Or} 23...Qg6 24.f4 $1 exf4 25.Nf3 {and if} 25...Qxe4 $2 26.Nxg5 Qxg2 27.Nxf7+ ) 24.f4 $1 gxf4 ( 24...exf4 25.e5 dxe5 26.Ne4 f3 27.Qf2 $1 {with advantage. Rather than} ( 27.Nxf6 $2 fxg2 28.Nxh7 Nxh7 {which is actually good for Black.} ) ) 25.Qf3 Ng6 26.Qh5+ Kg7 27.Nf3 {and there is no defense (Li Chao).} ) 22.Nd3 b5 {White will break the blockade in case of:} ( 22...g5 23.f4 $1 exf4 24.e5 $1 ( 24.Nf3 Kh6 25.Be2 Ng6 ) 24...dxe5 25.Ne4 {and establish an attacking blockade himself. Indeed this seems unpleasant for the second player, but is everything that bad? After} 25...Qh6 {Black has many pieces ready to challenge the blockade in their turn and this should be good enough to keep the game unclear. For example:} 26.O-O-O ( 26.Ndxc5 g4 $1 27.hxg4 b6 28.Nd3 Ng5 ) ( 26.Nexc5 Bf5 $1 ) 26...f3 ( 26...Bf5 $5 ) 27.Qh2 g4+ 28.Rd2 g3 29.Nxg3 hxg3 30.Rxg3+ Kh8 31.Nxe5 {and it's anyone's game.} ) 23.O-O-O g5 $2 {Only this move can be called a mistake.} ( {Instead Harikrishna's recommendation} 23...bxc4 24.Nxc4 Bd7 25.Ne3 ( 25.f4 exf4 26.e5 dxe5 27.Ncxe5 $6 ( 27.Ndxe5 f3 ) 27...c4 $1 ) 25...g5 {keeps the game approximately even.} ( {Or even} 25...Qxf3 ) ) ( 23...Bd7 {is another option} 24.f4 exf4 25.e5 dxe5 26.Ne4 f3 27.Qh2 ( 27.Qf2 $5 ) 27...Qe7 ( 27...Qf5 $2 28.Nd6 ) 28.d6 {when anything can happen.} ) 24.f4 $1 {This is very strong now. The white pieces get an access to the enemy king.} 24...exf4 25.e5 $1 Qf5 {Sadly, the pawn should be allowed to go to e6 as otherwise Black's position will quickly detoriate after} ( 25...dxe5 26.Ne4 Qh6 ( 26...Qe7 27.d6 ) 27.Nxe5 ) 26.e6 {The pawn separates the flanks and this is the reason why Li Chao cannot hold on the kingside.} 26...f3 ( 26...Re7 27.Qe4 {(Harikrishna)} ( 27.Ne4 ) 27...Kf6 28.Nf2 $1 {would win for White.} ) ( 26...bxc4 27.Nxc4 f3 28.Qd2 ( 28.Qh2 ) 28...Qxd5 29.Qc3+ Rf6 30.Nf4 {(Svidler)} ( {Or the simple} 30.e7 {are two other winning lines.} ) ) ( {PerhapsBlack's last chance was to sacrifice the piece at once with} 26...Nxe6 27.dxe6 Bb7 28.Qf2 Qxe6 {although this should also be won for the Indian GM.} ) 27.Qh2 {Better than} ( 27.Nxf3 Qxf3 28.exf7 Qe3+ 29.Kb1 bxc4 {followed by c4-c3 (Harikrishna)} ( 29...Bxh3 ) ) 27...Bxe6 ( 27...Re7 28.Qxd6 ) 28.dxe6 Qxe6 29.Nf2 Qe3 ( {Maybe} 29...Rd8 30.Bd3 {was a try for Black.} ) 30.Ng4 Qf4 31.Qxf4 Rxf4 32.Nxf3 $1 {A small tactic to get rid of Black's most dangerous pawn. The game is essentially over.} 32...bxc4 ( 32...Rxf3 33.Bg2 ) 33.Ngh2 Ne6 34.Rxd6 Nd4 ( 34...Re8 35.Rxa6 ) 35.Rd7+ Kh8 36.Ne5 Nf8 37.Rf7 Re4 38.Rxg5 Rd8 39.Rxf8+ Rxf8 40.Ng6+ Kg7 41.Nxf8+ Kxf8 42.Rxc5 1-0

[Event "Chess 2016"]
[Site "Norway"]
[Date "2016.04.29"]
[Round "9.5"]
[White "Li, Chao B"]
[Black "Giri, Anish"]
[Result "1/2-1/2"]
[WhiteElo "2755"]
[BlackElo "2790"]
[EventDate "2016.??.??"]
[Annotator "Bojkov,Dejan"]
[PlyCount "145"]
[Beauty "4540875165192"]
[EventType "team-tourn"]
[EventCountry "NOR"]
[WhiteClock "0:20:31"]
[BlackClock "0:24:08"]

1.d4 Nf6 2.c4 g6 3.Nc3 {Allowing the Gruenfeld is considered not-a-great idea of recently, but Li Chao is fearless.} 3...d5 4.Bf4 Bg7 5.e3 O-O 6.cxd5 Nxd5 7.Nxd5 Qxd5 8.Bxc7 {And this line is considered completely innocuous.} 8...Na6 9.Bxa6 {The endgame is practically forced as} ( 9.Bg3 {is dubious to say at least. After} 9...Bf5 10.a3 Rfc8 11.Nf3 Rc2 12.b4 Qb3 13.Bxa6 Qc3+ {and White was already fighting for his life in Evans,L-Saidy,A New York 1969} ) 9...Qxg2 10.Qf3 Qxf3 11.Nxf3 bxa6 12.Rc1 f6 {For the damaged pawn structure Giri owes a hefty bishop pair.} 13.Rg1 Rf7 ( {Or} 13...Bb7 14.Ke2 Rf7 15.Rgd1 e6 16.Ne1 Rc8 17.Bg3 Rxc1 18.Rxc1 e5 {Lysyj,I (2691)-Rodshtein,M (2654) Sochi 2015} ) 14.b3 {A novelty. Previously White got nothing of the opening after:} ( 14.Ke2 Bd7 15.Rc2 Rc8 ( 15...Bb5+ $5 ) 16.Rc3 Bf8 17.Ba5 Rb8 {Schenk,A (2491)-Ragger,M (2658) Germany 2014} ) 14...Bb7 {Now at least this bishop will not worry White on the a6-f1 diagonal.} 15.Ke2 Bf8 16.Ba5 e6 17.Nd2 Re8 {Giri camply put his pieces on good squares and is ready to open the board for his bishops.} 18.h4 {Black thought} ( 18.Nc4 {to be more precise to try and stop e6-e5 advance. True, Black can still go for} 18...e5 ( {Black can also go} 18...Rd7 {followed by a rook shift to the "h" file.} ) 19.dxe5 fxe5 {with approximately even game.} ) 18...e5 19.h5 {It always makes sense to get rid of an isolated pawn.} 19...exd4 {Simplifies the position.} ( {White gets some initiative after} 19...g5 20.dxe5 Rxe5 21.Bc3 ) 20.hxg6 hxg6 21.Rxg6+ Kh7 22.Rg3 Bh6 23.Nc4 Re6 ( 23...dxe3 {was interesting with the idea} 24.Nd6 ( 24.fxe3 {is correct instead.} ) 24...exf2+ 25.Nxe8 Bxc1 ) 24.Rd1 dxe3 25.Rd6 Re4 ( 25...Rfe7 26.fxe3 Rxd6 27.Nxd6 Bc6 ) 26.fxe3 Rh4 27.Rd8 Bf8 28.Nd2 {Li Chao plays for a win. A draw would be sealed after:} ( 28.Nd6 Bxd6 29.Rxd6 {with the opposite-colored bishops being the harbingers of the peace treaty.} ) 28...Bc6 29.Kd3 Rh5 30.Bc3 Be7 {Now both sides try to squueze something from the stone.} 31.Rc8 Bb5+ 32.Kc2 Bf8 33.a4 ( 33.Rf3 $5 Bg7 34.Rf2 {with the diea Nd2-e4 deserved consideration.} ) 33...Bd7 34.Rd8 Bf5+ 35.Kb2 Rh2 36.Rf3 Be7 37.Rd4 Bg6 38.Rdf4 Bc5 39.b4 ( 39.Rxf6 Rxf6 40.Rxf6 Bxe3 ) 39...Rb7 40.Ka3 Be7 {Giri considered the tricky line:} ( 40...Bd6 41.Rxf6 Rc7 42.e4 Rxc3+ 43.Rxc3 Rxd2 {which does not work due to} 44.Rc6 Rd3+ 45.Ka2 Rd2+ 46.Kb3 ) 41.Nb3 Rc7 42.Bxf6 {An inaccuracy which puts White on the ropes for a while. Still, he did not overstep the boarderline yet.} ( 42.e4 {is just equal.} ) 42...Rcc2 43.Rh4+ Rxh4 44.Bxh4 Bxh4 45.Rh3 Bf7 $1 46.Rxh4+ Kg7 {Suddenly the pin is unavoidable.} 47.Rh1 ( 47.Nd4 $4 Ra2# ) 47...Rc3 48.Rb1 Rxe3 49.a5 {The Chinese GM quickly recovers from the surprise and finds a convincing draw. The passive defense would have also taken half a point, but why to suffer?} 49...Bc4 50.b5 $1 axb5 ( 50...Bxb5 51.Rc1 ) 51.a6 {The pawns should be separated! Wrong is:} ( 51.Kb4 $2 {due to} 51...Bxb3 ( {But not} 51...Rxb3+ 52.Rxb3 Bxb3 53.Kxb5 ) 52.Rxb3 Rxb3+ 53.Kxb3 a6 $1 {and Black wins.} ) 51...Kf6 52.Kb4 Bd3 53.Rc1 {The pin has been broken and the extra pawn is not enough for the win as the material is highly reduced.} 53...Re4+ 54.Kc3 ( 54.Kc5 {is easier.} ) 54...Be2 55.Kb2 Rb4 56.Rc6+ Ke5 57.Kc3 Rh4 ( 57...Rc4+ 58.Rxc4 Bxc4 59.Na5 {since White only need to sacrifice his knight for the "b" pawn.} ) 58.Rc7 b4+ 59.Kb2 Bxa6 60.Na5 Kd5 61.Rxa7 {And after some further "wood-pushing" they agreed the draw.} 61...Bb5 62.Rg7 Ba4 63.Rg2 Rh3 64.Rg5+ Ke6 65.Rg6+ Kf5 66.Rb6 Rh2+ 67.Ka1 Rh4 68.Nc6 b3 69.Na5 Rh1+ 70.Kb2 Rh2+ 71.Kb1 Rh1+ 72.Kb2 Rh2+ 73.Kb1 1/2-1/2

[Event "Chess 2016"]
[Site "Stavanger"]
[Date "2016.04.27"]
[Round "7.4"]
[White "Aronian, Levon"]
[Black "Eljanov, Pavel"]
[Result "1-0"]
[WhiteElo "2784"]
[BlackElo "2765"]
[EventDate "2016.??.??"]
[Annotator "Bojkov,Dejan"]
[PlyCount "89"]
[Beauty "7355823554572"]
[EventType "game"]
[EventCountry "NOR"]
[WhiteClock "0:37:21"]
[BlackClock "0:41:54"]

1.c4 e6 2.g3 d5 3.Bg2 dxc4 4.Qa4+ Nd7 5.Qxc4 c5 6.Nc3 {Aronian was not happy with this move as he did not want to put this knight on c3 too early (or at all), but he figured out that after:} ( 6.Nf3 {Black would not go for} 6...a6 ( {Eljanov may go} 6...b6 $5 7.Nd4 Ne5 {and he did not like the consequences of the line} 8.Nc6 Nxc4 9.Nxd8 Rb8 10.Nc6 Bb7 11.O-O Ra8 {with equality.} ) 7.Qb3 Rb8 8.d4 cxd4 9.O-O Nc5 10.Qd1 d3 {with an edge for White, Wang,Y (2718) -Barsov,A (2460) Abu Dhabi 2016} ) 6...Ngf6 7.d3 Be7 8.Nf3 b6 {A novelty. Black needs to oppose the Catalan bishop as fast as possible. Instead} ( 8...O-O 9.O-O Nb6 {saw Black suffering after} 10.Qb3 Nfd5 11.Bd2 Bd7 12.a4 a5 13.Ne5 {Guenthner,O (2238)-Martin,S (2257) Germany 2006} ) 9.Ng5 {A somewhat desperate attempt to play for the advantage. Instead the central advance} ( 9.O-O Bb7 10.d4 Rc8 {would lead to comfortable equality for Black.} ( {Or} 10...O-O ) ) 9...Rb8 10.O-O Bb7 11.Bf4 Bxg2 12.Kxg2 Rb7 $1 {A nice regroupment of the black pieces. The queen is ready to torture the white king on the long diagonal. Eljanov's opening strategy was a success.} 13.Nf3 O-O 14.e4 {One idea of the Rb8-b7 move is revealed in the line} ( 14.d4 cxd4 15.Nxd4 Qa8 $1 ) 14...Qa8 15.a4 Rd8 {Black's play is very natural and easy. Nd7-f8-g6 followed by Rb7-d7 comes next.} 16.Nb5 {Aronian does not want to resing himself to the possible draw after:} ( 16.a5 bxa5 ) ( {Or} 16.Rfd1 Nf8 17.d4 cxd4 18.Rxd4 Rxd4 19.Nxd4 Rd7 ) 16...Qc8 {The Armenian GM was hoping to force his opponent into passive defense after} ( 16...Ne8 ) 17.Rac1 Nf8 18.d4 {Since this pawn might become a liability Aronian finally offers the trade. But the missed time can be used by Eljanov to fight for the initiative.} 18...Ng6 19.Bg5 $6 {A blunder! Correct was} ( 19.Be3 a6 20.Nc3 b5 ( 20...Rc7 $5 ) 21.axb5 axb5 22.Qe2 Qc6 {with approximate equality.} ) 19...a6 {Eljanov trusted his opponent's word. He could have won a pawn with} ( 19...Nxe4 $1 20.Bxe7 Nxe7 21.dxc5 ( {White's best chance would be} 21.Rfe1 Nd6 22.Nxd6 Rxd6 23.b4 Rc7 24.dxc5 bxc5 25.Rc2 {although Black can still hang to the pawn and create serious problems after} 25...Rdc6 ) 21...Nxc5 22.b4 Nd3 $1 {The move that White missed!} 23.Qxc8 Nxc8 24.Rfd1 Rbd7 $1 {The move that Black missed!} ) 20.Nc3 b5 21.axb5 axb5 22.Qe2 c4 {Eljanov felt he was a little better here and on the top of that Aronian was low on time. One more pawn sacrifice was rejected for two different reasons. White believed that he has very good compensation after:} ( 22...cxd4 23.Nd5 $5 ( {While Eljanov did not believe he had any edge after} 23.Nxd4 Rxd4 24.Nxb5 Qd7 25.Nxd4 Qxd4 26.Rc8+ Bf8 ) 23...Qd7 ( 23...Qb8 24.Nxe7+ Nxe7 25.Bxf6 gxf6 26.e5 $5 ) 24.Nxe7+ Nxe7 25.Ne5 {One funny line being} 25...Qd6 26.Bxf6 gxf6 27.Ng4 Kg7 28.Nxf6 $5 Kxf6 29.e5+ $1 Qxe5 30.Qf3+ Nf5 31.Qxb7 {and White wins the exchange, although nothing is clear yet after} 31...d3 ) 23.Rfd1 h6 24.Bxf6 Bxf6 25.h4 {Now White's game is very natural and easy and he enjoys some initiative.} 25...Qb8 26.Ra1 Be7 27.h5 Nf8 28.Ne5 Rc8 {Better was to follow Aronian's after-game advise and deal with the rook on the "a" file with} ( 28...Qc7 29.Ra6 Rd6 30.Ra8 Rd8 ) 29.Ra6 Rb6 {Only this is a serious inaccuracy. Better was} ( 29...b4 30.Na4 ( 30.Nc6 Rxc6 31.Rxc6 bxc3 32.bxc3 Rb2 33.Qxc4 {the open position of the white king provides Black good chances of not losing the game.} ) 30...Ra7 {as} 31.Nc6 {is bad due} 31...Rxc6 32.Rxc6 Rxa4 ) 30.Rxb6 Qxb6 31.Qf3 f6 {Eljanov regretted after the game that he did not try} ( 31...Bf6 32.Nxf7 Kxf7 ( 32...Bxd4 33.e5 $1 ( {Or} 33.Nxb5 Bxb2 ( 33...Qxb5 34.Nd6 $1 ) 34.Nfd6 ) ) 33.e5 {In all cases White has annoying initiative.} ) 32.Ng6 Nxg6 {Positional resignation. Black could have tried his last chance:} ( 32...Bb4 {Or} 33.Ne2 {(Eljanov) keeping the super knight on the board.} ( 33.d5 {(Aronian)} 33...Re8 ( 33...Bxc3 $2 34.Ne7+ ) 34.Qg4 ) ) 33.hxg6 b4 34.Ne2 Qd6 {If the queen goes too far mate follows:} ( 34...Qa6 35.d5 e5 36.g4 Bf8 37.g5 $1 fxg5 ( 37...hxg5 38.Qh3 Bc5 39.Rh1 Kf8 40.Qd7 ) 38.Qf7+ Kh8 39.Rh1 {and Rh1xh6 is unstoppable.} ) 35.d5 e5 36.g4 {Brings the knight closer to the black king.} 36...Bf8 ( 36...Qd7 37.g5 $1 {still works for White.} ) 37.Qf5 {White is in no hurry.} ( {Here} 37.g5 {is stopped with} 37...fxg5 38.Qf7+ Kh8 39.Rh1 ( 39.Ng3 $5 ) 39...Qc7 $1 ) 37...Ra8 38.Rc1 ( 38.g5 $5 ) 38...Qa6 39.Ng3 Kh8 40.Qe6 {The time trouble is over and Aronian is completely winning.} 40...Qa2 ( 40...Qxe6 41.dxe6 c3 42.bxc3 b3 43.Rb1 Rb8 44.Nf5 ) 41.Nf5 c3 42.Rh1 Qa7 {Or mate after:} ( 42...cxb2 43.Nxh6 gxh6 44.Qxf6+ Bg7 45.Rxh6+ Kg8 46.Qf7# ) 43.d6 Qb7 44.d7 Qxe4+ 45.f3 {Black resigned due to:} ( 45.f3 Qe2+ 46.Kg3 Qd2 47.Rxh6+ gxh6 48.Qxf6+ Kg8 49.Qf7+ Kh8 50.Qh7# ) 1-0

[Event "17th European Individual Championship"]
[Site "?"]
[Date "2016.05.22"]
[Round "10.4"]
[White "Kovalenko, Igor"]
[Black "Fressinet, Laurent"]
[Result "1-0"]
[WhiteElo "2644"]
[BlackElo "2692"]
[EventDate "2016.??.??"]
[Annotator "Bojkov,Dejan"]
[PlyCount "69"]
[Beauty "8042057846822"]
[EventType "team-tourn"]
[WhiteClock "0:09:18"]
[BlackClock "0:00:57"]

1.c4 Nf6 2.Nc3 e5 3.Nf3 Nc6 4.g3 d5 5.cxd5 Nxd5 6.Bg2 Nb6 7.O-O Be7 8.Rb1 a5 {The main move, as in case of} ( 8...O-O 9.b4 {White may take a hefty central pawn in return for his flank one.} 9...e4 10.Nxe4 Bf5 11.Qc2 Bxb4 12.a3 {as in Nakamura,H (2816)-Sevian,S (2556) Las Vegas 2015} ) 9.d3 O-O 10.Be3 a4 {A novelty. So far Black had mainly the natural developing move:} ( 10...Be6 {When the game usually continues} 11.Rc1 Kh8 12.a3 f5 13.Bxb6 {Pretty much White's only plan.} 13...cxb6 14.Nd2 {With the idea to place the knights on c4 and b5, but after} 14...Rc8 15.Nb5 Bc5 16.Nc4 Qe7 {Black is very solid, Wang,H (2717)-Tomashevsky,E (2728) Huaian 2016} ) 11.Qd2 {Kovalenko proceeds with the development. A more determined approach is} ( 11.d4 {to which Black can sacrifice a pawn with} 11...Nc4 12.d5 Nxe3 13.fxe3 Na5 14.Nxe5 Qd6 $5 ( {Or} 14...Bf6 15.Nf3 a3 {in both cases with ample compensation for a pawn.} ) ) ( {In case of} 11.Rc1 {Black can try to prevent White's set-up from the line from above with} 11...Ra5 12.Bxb6 cxb6 13.Nd2 b5 ) ( {Fressinet's idea has tactical justification...} 11.Bxb6 cxb6 12.Nxa4 {does not win a pawn due to} 12...b5 13.Nc3 b4 14.Na4 ( 14.Ne4 Rxa2 ) 14...e4 $1 {and if} 15.dxe4 $2 Qxd1 16.Rfxd1 Rxa4 {drops the knight.} ) 11...Be6 {Another way to play it is:} ( 11...f6 12.Rfd1 Nd4 {to prevent d3-d4.} ) 12.Ng5 Bxg5 {Black is often ready to swap off this bishop as he can oppose the fianchettoed one with his second bishop on d5, thus taking out the sting of the bishop pair.} 13.Bxg5 Qd7 14.Rfc1 f6 15.Be3 Nd5 16.Bxd5 Bxd5 17.Nxd5 Qxd5 {As a result Black more or less equalized.} 18.b4 ( {Worse is} 18.a3 f5 {when f5-f4 is a serious threat.} ) 18...axb3 19.Rxb3 {The only way to fight for something. In return for the isolated "a" pawn White has pressure along the half-open "b" and "c" files.} ( {Or} 19.axb3 Ra5 20.b4 Ra2 ) 19...b6 20.Qc2 {Another equal line goes} ( 20.Rbc3 Rxa2 21.Qd1 Nd4 22.Bxd4 exd4 23.Rxc7 Re8 ) 20...Na5 21.Rb4 Rf7 22.d4 Nb7 $6 {Too passive.} ( {Black is a tad worse after} 22...exd4 23.Rxd4 Qe5 24.Rcd1 Re8 {but should be solid enough to hold.} ) ( 22...e4 23.a4 {followed by Rb4-b5 looks annoying.} ) ( {The most solid continuation was} 22...Re8 23.dxe5 Qxe5 {when the forcing line} 24.Bf4 Qxe2 25.Qxe2 Rxe2 26.Bxc7 Rxa2 27.Bxb6 h6 {leaves the black knight precariously placed on a5, but since all the queenside pawns disappeared the game should end in a draw.} ) 23.a4 c5 $2 {This is a bit too much. In the line:} ( 23...Re8 24.dxe5 Qxe5 ( 24...fxe5 25.Rc4 c5 ) 25.Bf4 {is much stronger now as Black cannot win the "a" pawn after} 25...Qxe2 26.Qxe2 Rxe2 27.Bxc7 ) ( {But I wonder why Fressinet did not continue with the centralization of the knight} 23...Nd6 24.dxe5 fxe5 {White is a little better, but the play will go on and on.} ) 24.dxc5 bxc5 {Perhaps the French GM missed that in the line} ( 24...Nxc5 25.Rxb6 Nxa4 26.Rb4 Qd7 27.Ra1 {his knight would be trapped?} ) 25.Rb6 Rc7 26.Rcb1 {Now White dominates. All his pieces are superior to the black ones.} ( 26.Rd1 Qf7 27.Rdb1 {was also very good for White.} ) 26...Rd7 {Since} ( 26...Nd6 27.Rd1 Qe4 28.Qb3+ {seems favourable for White.} ) 27.h4 $1 {Excellent technique by Kovalenko who seeks more weaknesses on the kingside.} 27...Nd8 ( {Nothing changes} 27...c4 28.h5 h6 29.Qg6 ) 28.h5 h6 29.Qg6 {With the dual threat of capturing on h6 and f6.} 29...Qf7 30.Rb8 {The attack promises more than the pawn plus after} ( 30.Rxf6 Qxg6 31.Rxg6 Rxa4 ( 31...Kf7 32.Rb5 ) 32.Bxh6 {although White should win this too.} ) 30...Rxa4 {Or} ( 30...Rxb8 31.Rxb8 Qxg6 32.hxg6 {when Black is helpless.} ) 31.R1b7 $1 {This pretty move wraps up the game.} 31...Ra1+ ( {It is the pin that brings down Black in all the lines} 31...Qxg6 32.hxg6 Rd1+ ( 32...Rxb7 33.Rxd8# ) 33.Kg2 Rg4 34.Bxc5 Rxg6 35.Be7 ) 32.Kh2 Qxg6 33.hxg6 Rad1 34.Rxd7 Rxd7 35.Bxc5 1-0